000 00383nam a22001577a 4500
003 MPLRDC
005 20220104114443.0
008 210129b ||||| |||| 00| 0 eng d
082 _a857.63 CKL v.193
100 _a岑凯伦
245 _a飞过爱情的海洋
_c
260 _a
_b汉麟出版社
_c
300 _b
650 _a短篇小说--别集
942 _cBK
_o857.63 CKL v.193
999 _c7601
_d7591